000 00273nam a22001217a 4500
008 180807b xxu||||| |||| 00| 0 eng d
082 _a813.52
245 _aBasic Life Support
_cHill,M.G
260 _c2008
300 _a1
_fCD
440 _x9780073362946
942 _2ddc
_cMX
999 _c46886
_d46886